Loading...
| Current Events | 2 | 5.00 | 0% | 50% | 0% |
| Fine Arts - Classical Music | 7 | 11.43 | 14% | 57% | 43% |
| Fine Arts - Other | 6 | 15.00 | 33% | 67% | 50% |
| Fine Arts - Painting & Sculpture | 7 | 14.29 | 57% | 43% | 43% |
| Geography | 2 | 5.00 | 50% | 0% | 0% |
| History - American | 4 | 10.00 | 25% | 50% | 25% |
| History - European | 11 | 12.73 | 46% | 36% | 46% |
| History - Other | 10 | 13.00 | 50% | 50% | 30% |
| History - World | 5 | 12.00 | 60% | 40% | 20% |
| Literature - American | 6 | 10.00 | 67% | 17% | 17% |
| Literature - British | 8 | 17.50 | 63% | 75% | 38% |
| Literature - European | 8 | 15.00 | 75% | 25% | 50% |
| Literature - World | 5 | 20.00 | 100% | 40% | 60% |
| Mythology | 6 | 11.67 | 50% | 17% | 50% |
| Other Academic | 4 | 15.00 | 50% | 50% | 50% |
| Philosophy | 6 | 10.00 | 50% | 33% | 17% |
| Religion | 7 | 14.29 | 43% | 43% | 57% |
| Science - Biology | 14 | 14.29 | 50% | 36% | 57% |
| Science - Chemistry | 6 | 13.33 | 33% | 67% | 33% |
| Science - Other | 5 | 14.00 | 80% | 20% | 40% |
| Science - Physics | 7 | 11.43 | 43% | 43% | 29% |
| Social Science | 6 | 11.67 | 17% | 67% | 33% |